LEADER 01157nam--2200397---450- 001 990000938920203316 005 20050711181049.0 035 $a0093892 035 $aUSA010093892 035 $a(ALEPH)000093892USA01 035 $a0093892 100 $a20020201d19331938km-y0itay0103----ba 101 $aita 102 $aIT 105 $a||||||||001yy 200 1 $aStoria degli sport$fdiretta da Andrea Franzoni 210 $aMilano$cSocietā editrice libraria$d1933-1938 215 $a3 v.$cill.$d30 cm 410 $12001 676 $a796.09 702 1$aFRANZONI,$bAndrea 801 0$aIT$bsalbc$gISBD 912 $a990000938920203316 951 $aII.5. 3410/1(XV B 623 1)$b13648 LM$cXV B 951 $aII.5. 3410/2(XV B 623 2)$b13649 LM$cXV B 951 $aII.5. 3410/3(XV B 623 3)$b13650 LM$cXV B 951 $b136 959 $aBK 969 $aUMA 979 $aPATTY$b90$c20020201$lUSA01$h1558 979 $aPATTY$b90$c20020201$lUSA01$h1559 979 $c20020403$lUSA01$h1737 979 $aPATRY$b90$c20040406$lUSA01$h1705 979 $aCOPAT6$b90$c20050711$lUSA01$h1810 996 $aStoria degli sport$9973575 997 $aUNISA LEADER 01608nam 2200349Ia 450 001 996394025603316 005 20200824132800.0 035 $a(CKB)3810000000005523 035 $a(EEBO)2240953993 035 $a(OCoLC)ocm12179727e 035 $a(OCoLC)12179727 035 $a(EXLCZ)993810000000005523 100 $a19850620d1643 uy | 101 0 $aeng 135 $aurbn||||a|bb| 200 10$aTwo ordinances of the Lords and Commons assembled in Parliament$b[electronic resource] $eone concerning 23000 li. lately lent by the Lord Major, alderman, and commons of London, which they are willing yet a while longer to forbeare and have undertaken to doe their utmost endeavour to advance and lend 17000 li. more, to be forthwith sent to the army to supply the present pressing necessities thereof : the other concerning debts and rents of houses to be gathered and payd to the collectors of the weekly assessment due to such as and where there is no sufficient distresse to be found 210 $a[London] $c... Printed for John Wright ...$dMay 9, 1643 215 $a[8] p 300 $aReproduction of original in Thomason Collection, British Library. 330 $aeebo-0158 606 $aTaxation$xLaw and legislation$zEngland$zLondon 607 $aGreat Britain$xHistory$yCivil War, 1642-1649 615 0$aTaxation$xLaw and legislation 801 0$bEAA 801 1$bEAA 801 2$bm/c 801 2$bUMI 801 2$bWaOLN 906 $aBOOK 912 $a996394025603316 996 $aTwo ordinances of the Lords and Commons assembled in Parliament$92299709 997 $aUNISA